书目信息 |
| 题名: |
程序设计方法及在线实践指导
|
|
| 作者: | 王衍 , 王桂平 , 冯壑 编著 | |
| 分册: | ||
| 出版信息: | 杭州 浙江大学出版社 2010.01 |
|
| 页数: | 428页 | |
| 开本: | 26cm | |
| 丛书名: | 高等院校计算机技术与应用系列规划教材 | |
| 单 册: | ||
| 中图分类: | TP311.11 | |
| 科图分类: | ||
| 主题词: | 程序设计--cheng xu she ji--方法--高等学校--教材 | |
| 电子资源: | ||
| ISBN: | 978-7-308-07303-5 | |
| 000 | 01303nam 2200325 450 | |
| 001 | 012010000296 | |
| 005 | 20101222082104.23 | |
| 010 | @a978-7-308-07303-5@dCNY42.00 | |
| 100 | @a20101222d2010 em y0chiy0120 ea | |
| 101 | 0 | @achi |
| 102 | @aCN@b330000 | |
| 105 | @aa a 000yy | |
| 106 | @ar | |
| 200 | 1 | @a程序设计方法及在线实践指导@Acheng xu she ji fang fa ji zai xian shi jian zhi dao@f王衍 ... [等] 编著@Fwang yan...[deng]bian zhu |
| 210 | @a杭州@c浙江大学出版社@d2010.01 | |
| 215 | @a428页@c图@d26cm | |
| 225 | 2 | @a高等院校计算机技术与应用系列规划教材@Agao deng yuan xiao ji suan ji ji shu yu ying yong xi lie gui hua jiao cai |
| 304 | @a题名页题: 王衍, 王桂平, 冯壑, 马雪英编著 | |
| 312 | @a英文并列题名取自封面 | |
| 320 | @a有书目 | |
| 330 | @a本书以程序设计思想和方法为主线讲解C/C++语言基础知识,并通过经典的程序设计竞赛题目为例题讲解基本的算法思想和应用问题。 | |
| 410 | 0 | @12001 @a高等院校计算机技术与应用系列规划教材 |
| 510 | 1 | @aProgramming methods and guides to on-line program practice@zeng |
| 606 | 0 | @a程序设计@Acheng xu she ji@x方法@x高等学校@j教材 |
| 690 | @aTP311.11@v4 | |
| 701 | 0 | @a王衍@Awang yan@4编著 |
| 701 | 0 | @a王桂平@Awang gui ping@4编著 |
| 701 | 0 | @a冯壑@Afeng he@4编著 |
| 801 | 0 | @aCN@bQSSK@c20101222 |
| 905 | @b790550-52@dTP311.11@eW445@f3 | |
| 程序设计方法及在线实践指导/王衍 ... [等] 编著.-杭州:浙江大学出版社,2010.01 |
| 428页:图;26cm.-(高等院校计算机技术与应用系列规划教材) |
| ISBN 978-7-308-07303-5:CNY42.00 |
| 本书以程序设计思想和方法为主线讲解C/C++语言基础知识,并通过经典的程序设计竞赛题目为例题讲解基本的算法思想和应用问题。 |
| ● |
| 相关链接 |
|
|
|
正题名:程序设计方法及在线实践指导
索取号:TP311.11/W445
 
预约/预借
| 序号 | 登录号 | 条形码 | 馆藏地/架位号 | 状态 | 备注 |
| 1 | 790550 | 207905506 | 自科二线404/301自科库 39排3列2层/ [索取号:TP311.11/W445] | 在馆 | |
| 2 | 790551 | 207905515 | 自科库301/301自科库 47排5列3层/ [索取号:TP311.11/W445] | 在馆 | |
| 3 | 790552 | 207905524 | 自科二线404/301自科库 39排3列2层/ [索取号:TP311.11/W445] | 在馆 |